000 00275nam a2200109Ia 4500
008 220204s9999 xx 000 0 und d
020 _aISSN:09752250
082 _a0582011
_bMAN
245 0 _aManorama yearbook 2011
260 _aKottayam
_bMalayala Manorama
_c2011
942 _cBK
999 _c42977
_d42977